[Event "1. Bundesliga 2016/2017"]
[Site "Jenbach"]
[Date "2017.04.21"]
[Round "10"]
[Board "5"]
[White "Diermair, Andreas"]
[Black "Kreisl, Robert"]
[Result "1/2-1/2"]
[WhiteElo "2473"]
[BlackElo "2435"]
[PlyCount "80"]
[EventDate "2016.10.20"]
[EventType "team"]
[EventRounds "11"]
[EventCountry "AUT"]
[WhiteTeam "SV Raika Rapid Feffernitz"]
[BlackTeam "SC MPOE Maria Saal"]

1.c4 c5 2.Nc3 Nf6 3.Nf3 e6 4.g3 d5 5.cxd5 Nxd5 6.Bg2 Nc6 7.O-O Be7 8.d4 O-O 9.Nxd5
exd5 10.dxc5 Bxc5 11.Bg5 Qd7 12.Ne1 d4 13.Nd3 Bb6 14.Rc1 Qf5 15.Bd2 Bd7 16.b4 a5 17.b5
Nd8 18.a4 Re8 19.Nf4 Be6 20.Re1 g5 21.Nxe6 Rxe6 22.Qb3 Re7 23.Qd3 Qf6 24.Qf3 Kg7 25.Qg4
h6 26.h4 Qe6 27.Qxe6 Nxe6 28.Rc4 Rd8 29.Rec1 f5 30.Bf3 Kf6 31.hxg5+ hxg5 32.Rc8 g4
33.Bg2 Rxc8 34.Rxc8 Nc5 35.Kf1 Nxa4 36.Rg8 Rg7 37.Rf8+ Rf7 38.Rg8 Rg7 39.Rf8+ Rf7
40.Rg8 Rg7 1/2-1/2

[Event "1. Bundesliga 2016/2017"]
[Site "Jenbach"]
[Date "2017.04.21"]
[Round "10"]
[Board "6"]
[White "Halvax, Georg"]
[Black "Sebenik, Matej"]
[Result "0-1"]
[WhiteElo "2425"]
[BlackElo "2546"]
[PlyCount "76"]
[EventDate "2016.10.20"]
[EventType "team"]
[EventRounds "11"]
[EventCountry "AUT"]
[WhiteTeam "SC MPOE Maria Saal"]
[BlackTeam "SV Raika Rapid Feffernitz"]

1.e4 e6 2.d4 d5 3.Nc3 Nf6 4.e5 Nfd7 5.f4 c5 6.Nf3 Nc6 7.Ne2 Qb6 8.c3 Be7 9.a3 a5 10.g4
f6 11.Bg2 O-O 12.Qd3 a4 13.Rb1 Qa7 14.Be3 fxe5 15.fxe5 Rxf3 16.Bxf3 Ndxe5 17.dxe5
Nxe5 18.Qc2 Nxf3+ 19.Kf2 Ne5 20.Kg3 Nc4 21.Qd3 b6 22.Nf4 Qd7 23.Rhe1 Bb7 24.Nh5 e5
25.Qf5 Qxf5 26.gxf5 Rf8 27.f6 Bxf6 28.Nxf6+ Rxf6 29.Bc1 d4 30.b3 axb3 31.Rxb3 Rf3+
32.Kg4 e4 33.a4 h6 34.cxd4 Rxb3 35.dxc5 Rf3 36.Bxh6 gxh6 37.cxb6 Kh7 38.Kh4 Bc8 0-1

[Event "1. Bundesliga 2016/2017"]
[Site "Jenbach"]
[Date "2017.04.21"]
[Round "10"]
[Board "1"]
[White "Bayer, Bernhard"]
[Black "Georgiadis, Nico"]
[Result "1/2-1/2"]
[WhiteElo "2431"]
[BlackElo "2478"]
[PlyCount "59"]
[EventDate "2016.10.20"]
[EventType "team"]
[EventRounds "11"]
[EventCountry "AUT"]
[WhiteTeam "Schachklub Absam"]
[BlackTeam "Schachclub Sparkasse Goetzis"]

1.Nf3 Nf6 2.g3 b6 3.Bg2 Bb7 4.d4 g6 5.O-O Bg7 6.c4 O-O 7.Qc2 c5 8.d5 b5 9.e4 bxc4
10.Nc3 Na6 11.a3 Nc7 12.Nd2 d6 13.Nxc4 Ba6 14.b3 Nd7 15.Bb2 Nb6 16.Nxb6 axb6 17.Rfd1
e5 18.Bh3 Bc8 19.Bxc8 Qxc8 20.Kg2 f5 21.f3 Bh6 22.Qe2 Qa6 23.Re1 Qxe2+ 24.Rxe2 b5
25.Nd1 Rf7 26.Nf2 Raf8 27.Rd1 Na6 28.exf5 gxf5 29.g4 fxg4 30.fxg4 1/2-1/2

[Event "1. Bundesliga 2016/2017"]
[Site "Jenbach"]
[Date "2017.04.21"]
[Round "10"]
[Board "2"]
[White "Krassowizkij, Jaroslaw"]
[Black "Dizdar, Goran"]
[Result "1-0"]
[WhiteElo "2453"]
[BlackElo "2504"]
[PlyCount "61"]
[EventDate "2016.10.20"]
[EventType "team"]
[EventRounds "11"]
[EventCountry "AUT"]
[WhiteTeam "Schachclub Sparkasse Goetzis"]
[BlackTeam "Schachklub Absam"]

1.d4 d5 2.c4 e6 3.Nc3 Nf6 4.Nf3 Be7 5.Bf4 O-O 6.e3 b6 7.Qc2 c5 8.cxd5 exd5 9.Be2 Nc6
10.O-O cxd4 11.Nxd4 Nxd4 12.exd4 Bb7 13.Bf3 Rc8 14.Rfe1 Ne4 15.Qa4 Nxc3 16.Qxa7 Qd7
17.bxc3 b5 18.a4 Ra8 19.Qb6 Rxa4 20.Rab1 b4 21.c4 Rfa8 22.Qc7 Qxc7 23.Bxc7 Bg5 24.Bxd5
Bxd5 25.cxd5 Bd2 26.Red1 Bc3 27.d6 R4a7 28.Kf1 Kf8 29.Bb6 Ra1 30.d7 Rxb1 31.Rxb1 1-0

[Event "1. Bundesliga 2016/2017"]
[Site "Jenbach"]
[Date "2017.04.21"]
[Round "10"]
[Board "3"]
[White "Rotstein, Arkadij"]
[Black "Eisenbeiser, Amadeus"]
[Result "0-1"]
[WhiteElo "2501"]
[BlackElo "2387"]
[PlyCount "100"]
[EventDate "2016.10.20"]
[EventType "team"]
[EventRounds "11"]
[EventCountry "AUT"]
[WhiteTeam "Schachklub Absam"]
[BlackTeam "Schachclub Sparkasse Goetzis"]

1.c4 g6 2.g3 Bg7 3.Bg2 e5 4.Nc3 Ne7 5.d3 O-O 6.h4 h6 7.h5 g5 8.f4 exf4 9.gxf4 g4 10.e4
f5 11.Nge2 d6 12.Be3 Nd7 13.Qd2 c6 14.O-O-O Nf6 15.e5 Ne8 16.d4 d5 17.cxd5 cxd5 18.Bf2
Be6 19.Bh4 Rf7 20.Bxe7 Rxe7 21.Ng3 Bf8 22.Kb1 Ng7 23.Rc1 Rc7 24.Nb5 Rc6 25.Qd3 a6
26.Rxc6 bxc6 27.Nc3 Qa5 28.Rc1 Be7 29.Nd1 Qb6 30.Ne3 Rf8 31.Qc3 Rd8 32.Qc2 Rb8 33.b3
Ba3 34.Rd1 Rf8 35.Bf1 a5 36.Bd3 Qxd4 37.Nexf5 Qxf4 38.Nh4 Qxg3 39.Bh7+ Kf7 40.Rf1+
Nf5 41.Nxf5 Qxe5 42.Nd4+ Ke7 43.Rd1 Bd7 44.Qc3 Kd6 45.Qxa5 Bc5 46.Nc2 g3 47.b4 Bf2
48.b5 Rb8 49.a4 g2 50.Nb4 Qc3 0-1

[Event "1. Bundesliga 2016/2017"]
[Site "Jenbach"]
[Date "2017.04.21"]
[Round "10"]
[Board "4"]
[White "Kessler, Luca"]
[Black "Wegerle, Joerg"]
[Result "1-0"]
[WhiteElo "2433"]
[BlackElo "2439"]
[PlyCount "61"]
[EventDate "2016.10.20"]
[EventType "team"]
[EventRounds "11"]
[EventCountry "AUT"]
[WhiteTeam "Schachclub Sparkasse Goetzis"]
[BlackTeam "Schachklub Absam"]

1.c4 e6 2.g3 d5 3.Bg2 Nf6 4.Nf3 dxc4 5.Qa4+ Nbd7 6.Qxc4 c5 7.Qb3 Bd6 8.Nc3 O-O 9.d3
a6 10.a4 Bc7 11.O-O Rb8 12.Nd2 b6 13.Nc4 Ne5 14.Be3 Nfg4 15.Nxe5 Bxe5 16.Bd2 Nf6 17.Qc4
Ne8 18.Qe4 Bd4 19.Qg4 f5 20.Qg5 Nf6 21.Bf4 e5 22.Bd2 Be6 23.e3 Bxc3 24.Bxc3 h6 25.Qg6
Qd6 26.Rad1 Rbd8 27.f4 Ng4 28.h3 Nxe3 29.Bxe5 Qe7 30.Bxg7 Qf7 31.Qxh6 1-0

[Event "1. Bundesliga 2016/2017"]
[Site "Jenbach"]
[Date "2017.04.21"]
[Round "10"]
[Board "5"]
[White "Deglmann, Ludwig"]
[Black "Kvetny, Mark"]
[Result "0-1"]
[WhiteElo "2296"]
[BlackElo "2377"]
[PlyCount "26"]
[EventDate "2016.10.20"]
[EventType "team"]
[EventRounds "11"]
[EventCountry "AUT"]
[WhiteTeam "Schachklub Absam"]
[BlackTeam "Schachclub Sparkasse Goetzis"]

1.f4 d5 2.Nf3 Bg4 3.e3 Nd7 4.h3 Bxf3 5.Qxf3 Ngf6 6.g4 c6 7.d3 g6 8.e4 dxe4 9.dxe4
e5 10.Bc4 exf4 11.Bxf4 Qe7 12.Nd2 Ne5 13.O-O-O Nxf3 0-1

[Event "1. Bundesliga 2016/2017"]
[Site "Jenbach"]
[Date "2017.04.21"]
[Round "10"]
[Board "6"]
[White "Anistratov, Dmitrij"]
[Black "De Francesco, Klaus"]
[Result "0-1"]
[WhiteElo "2273"]
[BlackElo "2235"]
[PlyCount "76"]
[EventDate "2016.10.20"]
[EventType "team"]
[EventRounds "11"]
[EventCountry "AUT"]
[WhiteTeam "Schachclub Sparkasse Goetzis"]
[BlackTeam "Schachklub Absam"]

1.Nf3 d5 2.d3 c5 3.Nbd2 Nc6 4.c3 e6 5.e4 Nge7 6.Be2 g6 7.h4 h6 8.Qc2 Bg7 9.Nf1 b6
10.Ng3 Bb7 11.O-O O-O 12.Bd2 f5 13.exf5 Nxf5 14.d4 cxd4 15.Nxf5 gxf5 16.cxd4 Nxd4
17.Nxd4 Bxd4 18.g3 Qf6 19.Rab1 Rf7 20.Kh2 e5 21.Bf3 e4 22.Bh5 Rg7 23.Bf4 Ba6 24.Be2
Rc8 25.Qd2 Bxe2 26.Qxe2 Be5 27.Bxe5 Qxe5 28.Qh5 Rc2 29.Kh1 e3 30.Rbe1 e2 31.Rg1 Kh7
32.f3 Qe6 33.g4 fxg4 34.fxg4 d4 35.Rg3 d3 36.Re3 Qxe3 37.Qf5+ Kg8 38.Qd5+ Rf7 0-1

[Event "1. Bundesliga 2016/2017"]
[Site "Jenbach"]
[Date "2017.04.21"]
[Round "10"]
[Board "1"]
[White "Melkumyan, Hrant"]
[Black "Banusz, Tamas"]
[Result "1/2-1/2"]
[WhiteElo "2619"]
[BlackElo "2613"]
[PlyCount "107"]
[EventDate "2016.10.20"]
[EventType "team"]
[EventRounds "11"]
[EventCountry "AUT"]
[WhiteTeam "ASVOE Wulkaprodersdorf"]
[BlackTeam "mpimmo Wien - SK Ottakring"]

1.d4 d5 2.c4 c6 3.Nf3 Nf6 4.Nc3 dxc4 5.a4 Bf5 6.Ne5 Nbd7 7.Nxc4 Nb6 8.Ne5 a5 9.e3
Nbd7 10.Nc4 Qb8 11.Qf3 Bg6 12.Qg3 Qxg3 13.hxg3 Nd5 14.Nxd5 cxd5 15.Ne5 Nxe5 16.dxe5
Bf5 17.Bd2 Bd7 18.Bd3 e6 19.Ke2 Bc6 20.Bc3 h6 21.g4 Be7 22.Rhd1 Bc5 23.Bb5 Ke7 24.Rdc1
Rhc8 25.Bd3 b6 26.f4 Bb7 27.Rc2 Kd7 28.Rac1 Bc6 29.b3 Ke7 30.Be1 Bb7 31.Bb5 Bc6 32.Bd3
Bb7 33.Kf3 Ba6 34.Bh4+ Ke8 35.Bxa6 Rxa6 36.e4 dxe4+ 37.Kxe4 Ra7 38.Rd1 Rd7 39.Rxd7
Kxd7 40.Rd2+ Kc6 41.f5 Rb8 42.Be1 Bb4 43.Rd1 Bxe1 44.Rc1+ Kd7 45.Rxe1 b5 46.Rd1+ Ke7
47.Rd4 bxa4 48.Rxa4 Rxb3 49.Rxa5 Rg3 50.Ra7+ Kf8 51.Ra8+ Ke7 52.Ra7+ Kf8 53.Ra8+ Ke7
54.Ra7+ 1/2-1/2

[Event "1. Bundesliga 2016/2017"]
[Site "Jenbach"]
[Date "2017.04.21"]
[Round "10"]
[Board "2"]
[White "Papp, Gabor"]
[Black "Schneider, Ilja"]
[Result "1/2-1/2"]
[WhiteElo "2581"]
[BlackElo "2516"]
[PlyCount "60"]
[EventDate "2016.10.20"]
[EventType "team"]
[EventRounds "11"]
[EventCountry "AUT"]
[WhiteTeam "mpimmo Wien - SK Ottakring"]
[BlackTeam "ASVOE Wulkaprodersdorf"]

1.e4 c6 2.d4 d5 3.Nc3 a6 4.Nf3 Bg4 5.h3 Bh5 6.g4 Bg6 7.Qe2 e6 8.Ne5 Bxe4 9.Nxe4 dxe4
10.Qxe4 Nf6 11.Qd3 Nbd7 12.Nxd7 Qxd7 13.Bg2 Rd8 14.Be3 Nd5 15.O-O-O Qc7 16.Kb1 Nf4
17.Bxf4 Qxf4 18.Qe3 Bd6 19.Qxf4 Bxf4 20.c3 h5 21.Kc2 Ke7 22.Bf3 hxg4 23.hxg4 Kf6 24.a4
Rxh1 25.Rxh1 e5 26.dxe5+ Kxe5 27.Re1+ Kd6 28.Rd1+ Kc7 29.Rxd8 Kxd8 30.Kd3 Kc7 1/2-1/2

[Event "1. Bundesliga 2016/2017"]
[Site "Jenbach"]
[Date "2017.04.21"]
[Round "10"]
[Board "3"]
[White "Maksimenko, Andrei"]
[Black "Beckhuis, Gernod"]
[Result "1-0"]
[WhiteElo "2481"]
[BlackElo "2261"]
[PlyCount "63"]
[EventDate "2016.10.20"]
[EventType "team"]
[EventRounds "11"]
[EventCountry "AUT"]
[WhiteTeam "ASVOE Wulkaprodersdorf"]
[BlackTeam "mpimmo Wien - SK Ottakring"]

1.d4 d5 2.c4 e6 3.Nf3 Nf6 4.e3 Be7 5.Nc3 O-O 6.b3 b6 7.Bb2 Bb7 8.Rc1 c5 9.cxd5 Nxd5
10.Nxd5 Bxd5 11.dxc5 Bxc5 12.Bd3 Bb4+ 13.Ke2 Nd7 14.Bc4 Bb7 15.Qd4 Nf6 16.Qh4 Qe7
17.Bd3 Rfd8 18.Bxf6 Qxf6 19.Bxh7+ Kh8 20.Bd3+ Qxh4 21.Nxh4 Bd6 22.Rhd1 g5 23.Nf3 g4
24.Ng5 Kg7 25.Rc4 Bd5 26.Rxg4 f5 27.Nxe6+ Kf6 28.Nxd8 fxg4 29.Bb5 Rxd8 30.Rxd5 Bc7
31.Rxd8 Bxd8 32.Bd7 1-0

[Event "1. Bundesliga 2016/2017"]
[Site "Jenbach"]
[Date "2017.04.21"]
[Round "10"]
[Board "5"]
[White "Wallner, Joachim"]
[Black "Blohberger, Felix"]
[Result "0-1"]
[WhiteElo "2313"]
[BlackElo "2272"]
[PlyCount "78"]
[EventDate "2016.10.20"]
[EventType "team"]
[EventRounds "11"]
[EventCountry "AUT"]
[WhiteTeam "ASVOE Wulkaprodersdorf"]
[BlackTeam "mpimmo Wien - SK Ottakring"]

1.b3 e5 2.Bb2 Nc6 3.e3 Nf6 4.Bb5 e4 5.d3 a6 6.Bxc6 dxc6 7.Ne2 Bf5 8.Ng3 Bg6 9.d4 h5
10.h4 Ng4 11.Nc3 Qe7 12.Qe2 O-O-O 13.O-O-O Qe6 14.Nf1 Bb4 15.Kb1 Qf5 16.f3 Nf6 17.Nxe4
Nxe4 18.fxe4 Qxe4 19.Ng3 Qe7 20.e4 f6 21.Qf3 Rhe8 22.Nxh5 Qxe4 23.Qxe4 Rxe4 24.Nxg7
Re2 25.Rdf1 Bxc2+ 26.Ka1 c5 27.a3 Ba5 28.Nf5 Bxb3 29.g4 c4 30.Rh3 Rde8 31.Bc3 Ra2+
32.Kb1 Bxc3 33.Rxc3 Ree2 34.Ne3 Reb2+ 35.Kc1 Rh2 36.Kb1 Rxa3 37.Nc2 Ba2+ 38.Kb2 Rb3+
39.Rxb3 cxb3 0-1

[Event "1. Bundesliga 2016/2017"]
[Site "Jenbach"]
[Date "2017.04.21"]
[Round "10"]
[Board "6"]
[White "Steiner, Adam"]
[Black "Mesaros, Florian"]
[Result "0-1"]
[WhiteElo "2220"]
[BlackElo "2335"]
[PlyCount "74"]
[EventDate "2016.10.20"]
[EventType "team"]
[EventRounds "11"]
[EventCountry "AUT"]
[WhiteTeam "mpimmo Wien - SK Ottakring"]
[BlackTeam "ASVOE Wulkaprodersdorf"]

1.e4 e5 2.f4 d5 3.exd5 exf4 4.Nf3 Ne7 5.Be2 Nxd5 6.c4 Nf6 7.d4 Bd6 8.c5 Be7 9.Bxf4
b6 10.Nc3 O-O 11.Ne5 bxc5 12.dxc5 Bb7 13.Qb3 Bxg2 14.Rg1 Qd4 15.Rxg2 Qxf4 16.Nxf7
Rxf7 17.Rf2 Qh4 18.Bc4 Nbd7 19.Bxf7+ Kf8 20.Qc4 Qg5 21.Bd5 Re8 22.Kd1 Bxc5 23.Rf1
Qh5+ 24.Bf3 Qxh2 25.Rc1 Qxb2 26.Bh5 Re7 27.Nd5 Qh2 28.Nxf6 gxf6 29.Bf3 Be3 30.Rc2
Qd6+ 31.Qd5 Qb4 32.Qc4 Qd6+ 33.Qd5 Qb6 34.Rc6 Qb1+ 35.Ke2 Bf4+ 36.Re6 Rxe6+ 37.Qxe6
Qc2+ 0-1

[Event "1. Bundesliga 2016/2017"]
[Site "Jenbach"]
[Date "2017.04.21"]
[Round "10"]
[Board "1"]
[White "Zilka, Stepan"]
[Black "Flumbort, Andras"]
[Result "1/2-1/2"]
[WhiteElo "2523"]
[BlackElo "2451"]
[PlyCount "130"]
[EventDate "2016.10.20"]
[EventType "team"]
[EventRounds "11"]
[EventCountry "AUT"]
[WhiteTeam "Blackburne Nickelsdorf"]
[BlackTeam "ASK St. Valentin"]

1.e4 c6 2.d4 d5 3.Nd2 dxe4 4.Nxe4 Bf5 5.Ng3 Bg6 6.Nh3 Nf6 7.Nf4 e5 8.dxe5 Qa5+ 9.c3
Qxe5+ 10.Qe2 Nbd7 11.Nxg6 hxg6 12.Bf4 Qxe2+ 13.Bxe2 Nd5 14.Bd2 Bd6 15.Ne4 Bf4 16.O-O-O
N7f6 17.Bxf4 Nxe4 18.Rd4 f5 19.Be5 Nxf2 20.Rf1 Ne4 21.Bxg7 Rg8 22.Be5 Ke7 23.Bf3 Ndf6
24.Rb4 Nc5 25.Kc2 a5 26.Rh4 Ncd7 27.Bc7 Rgc8 28.Bf4 Rh8 29.Re1+ Kf7 30.Rxh8 Rxh8 31.Bc7
g5 32.h3 a4 33.Rd1 Rc8 34.Bh2 Rh8 35.Bc7 Rc8 36.Bd6 Ke6 37.Bh2 Rh8 38.Re1+ Kf7 39.Bg1
g4 40.hxg4 fxg4 41.Be2 Rh1 42.Rf1 Ke6 43.Bf2 Rh2 44.Rg1 Rh5 45.Bg3 Nb6 46.c4 Nbd7
47.Re1 Kf7 48.Bd1 b5 49.b3 axb3+ 50.axb3 bxc4 51.bxc4 Rf5 52.Kc3 Ra5 53.Bd6 c5 54.Re7+
Kg8 55.Bc2 Ra6 56.Bf4 Kf8 57.Re1 Kf7 58.Bf5 Ra3+ 59.Kb2 Ra6 60.g3 Nf8 61.Rf1 Ng6 62.Be3
Ne5 63.Bxc5 Rc6 64.Bb4 Nxc4+ 65.Kb3 Ne3 1/2-1/2

[Event "1. Bundesliga 2016/2017"]
[Site "Jenbach"]
[Date "2017.04.21"]
[Round "10"]
[Board "2"]
[White "Hajnal, Zoltan"]
[Black "Schwarhofer, Christopher"]
[Result "0-1"]
[WhiteElo "2382"]
[BlackElo "2385"]
[PlyCount "94"]
[EventDate "2016.10.20"]
[EventType "team"]
[EventRounds "11"]
[EventCountry "AUT"]
[WhiteTeam "ASK St. Valentin"]
[BlackTeam "Blackburne Nickelsdorf"]

1.e4 e6 2.d4 d5 3.Nc3 Nf6 4.e5 Nfd7 5.f4 c5 6.Nf3 Nc6 7.Be3 Qb6 8.Na4 Qa5+ 9.c3 b6
10.Bd2 c4 11.b4 Qa6 12.g4 Qb7 13.Bg2 a5 14.b5 Na7 15.Rb1 Be7 16.O-O Nf8 17.Nb2 Nxb5
18.Nxc4 Qc6 19.Nxb6 Qxb6 20.a4 Bd7 21.axb5 Bxb5 22.Qb3 Rb8 23.Rb2 a4 24.Qa2 a3 25.Rb3
Qa6 26.Rfb1 Nd7 27.Bf1 Bxf1 28.Rxb8+ Nxb8 29.Rxf1 O-O 30.Rf2 Nd7 31.Bc1 Rb8 32.Kg2
Qa4 33.Rc2 Nb6 34.Qb1 Qc4 35.Ra2 Qxc3 36.Rc2 Qb4 37.Qa2 Nc4 38.Kf2 Qa4 39.Ke2 g6 40.f5
Rb3 41.Nd2 Nxd2 42.Bxd2 Qb5+ 43.Kf2 Rb2 44.Rc8+ Kg7 45.f6+ Bxf6 46.exf6+ Kxf6 47.g5+
Kf5 0-1

[Event "1. Bundesliga 2016/2017"]
[Site "Jenbach"]
[Date "2017.04.21"]
[Round "10"]
[Board "3"]
[White "Lendwai, Reinhard"]
[Black "Sandhoefner, Florian"]
[Result "1-0"]
[WhiteElo "2370"]
[BlackElo "2257"]
[PlyCount "141"]
[EventDate "2016.10.20"]
[EventType "team"]
[EventRounds "11"]
[EventCountry "AUT"]
[WhiteTeam "Blackburne Nickelsdorf"]
[BlackTeam "ASK St. Valentin"]

1.e4 c5 2.Nf3 d6 3.d4 cxd4 4.Nxd4 Nf6 5.Nc3 a6 6.Bg5 e6 7.f4 Qb6 8.Nb3 Nbd7 9.Qf3
Qc7 10.O-O-O b5 11.Bd3 Bb7 12.Rhe1 Be7 13.Kb1 O-O 14.Qh3 g6 15.a3 Rfe8 16.Qh4 Kg7
17.Re3 Ng8 18.Rh3 Nf8 19.Bxe7 Qxe7 20.Qxe7 Rxe7 21.Na5 Rd8 22.Nxb7 Rxb7 23.Be2 Kf6
24.Rd4 Ke7 25.Rb4 Rdb8 26.b3 Nf6 27.Re3 N6d7 28.a4 bxa4 29.Rxb7 Rxb7 30.Nxa4 a5 31.Rc3
Rb4 32.Bf3 f5 33.exf5 gxf5 34.g3 e5 35.fxe5 dxe5 36.Rc7 f4 37.Nc3 Rd4 38.Ra7 Rd2 39.gxf4
exf4 40.h3 Ne6 41.Nd5+ Kd6 42.Ra6+ Ke5 43.Rxa5 Ndc5 44.Nc7 Kd4 45.Nxe6+ Nxe6 46.Bg4
Nc5 47.c3+ Kxc3 48.Rxc5+ Kxb3 49.Be6+ Kb4 50.Rc4+ Kb5 51.Rxf4 Rd6 52.Re4 Kc5 53.Kc2
Rd4 54.Re3 Kd6 55.Kc3 Ra4 56.Bb3 Ra7 57.Re6+ Kd7 58.Re4 Ra6 59.Rh4 h6 60.Re4 Rd6 61.Ba4+
Kd8 62.Kc4 Kc7 63.Kc5 Rf6 64.h4 Rg6 65.Be8 Rf6 66.h5 Rf5+ 67.Kd4 Kd6 68.Bg6 Rd5+ 69.Kc4
Rc5+ 70.Kb4 Re5 71.Rf4 1-0

[Event "1. Bundesliga 2016/2017"]
[Site "Jenbach"]
[Date "2017.04.21"]
[Round "10"]
[Board "5"]
[White "Koffler, Daniel"]
[Black "Heimberger, Reinhard"]
[Result "1/2-1/2"]
[WhiteElo "2126"]
[BlackElo "2282"]
[PlyCount "109"]
[EventDate "2016.10.20"]
[EventType "team"]
[EventRounds "11"]
[EventCountry "AUT"]
[WhiteTeam "Blackburne Nickelsdorf"]
[BlackTeam "ASK St. Valentin"]

1.d4 d5 2.c4 e6 3.Nc3 Nf6 4.cxd5 exd5 5.Bg5 c6 6.e3 Qb6 7.Qb3 Qxb3 8.axb3 Ne4 9.Bf4
Bb4 10.Nge2 a5 11.f3 Nf6 12.Ng3 O-O 13.Kf2 g6 14.Bd3 Be6 15.Nge2 Nh5 16.Bh6 Re8 17.g4
Ng7 18.Ng3 Nd7 19.h4 Bd6 20.Nce2 f6 21.Rag1 a4 22.bxa4 Rxa4 23.h5 g5 24.f4 Be7 25.Nf5
Bxf5 26.gxf5 Kf7 27.fxg5 fxg5 28.Bxg5 Bxg5 29.Rxg5 Rea8 30.h6 Ne8 31.Nc3 Rb4 32.Rb1
Ndf6 33.Kf3 Ra5 34.Rg2 c5 35.dxc5 Rxc5 36.Ra1 Rh4 37.Ra7 Rc7 38.Ra5 Rxh6 39.Nxd5 Nxd5
40.Rxd5 Rh3+ 41.Rg3 Rh2 42.Rb5 Rd2 43.Rb3 Nd6 44.e4 Kf6 45.Ke3 Rh2 46.Kd4 Nf7 47.Rb6+
Rc6 48.Rxb7 Ne5 49.Ke3 h5 50.Bb5 Rd6 51.Rh7 h4 52.Rh6+ Kf7 53.Rh7+ Kf6 54.Rh6+ Kf7
55.Rh7+ 1/2-1/2

[Event "1. Bundesliga 2016/2017"]
[Site "Jenbach"]
[Date "2017.04.21"]
[Round "10"]
[Board "6"]
[White "Tober, Gerhard"]
[Black "Kuntner, Reinhard"]
[Result "1/2-1/2"]
[WhiteElo "2244"]
[BlackElo "2023"]
[PlyCount "99"]
[EventDate "2016.10.20"]
[EventType "team"]
[EventRounds "11"]
[EventCountry "AUT"]
[WhiteTeam "ASK St. Valentin"]
[BlackTeam "Blackburne Nickelsdorf"]

1.e4 c5 2.c3 d5 3.exd5 Qxd5 4.d4 Nf6 5.Nf3 cxd4 6.cxd4 e6 7.Nc3 Bb4 8.Bd3 Nc6 9.O-O
Qd8 10.Qe2 O-O 11.Rd1 Re8 12.Bg5 Be7 13.a3 Nd5 14.Bd2 a6 15.Rac1 Bd6 16.Re1 Bd7 17.Qe4
f5 18.Qe2 h6 19.Nxd5 exd5 20.Qd1 Rxe1+ 21.Bxe1 Bf4 22.Rc2 Qb6 23.Bc3 Re8 24.Re2 Rxe2
25.Qxe2 Qc7 26.g3 Bd6 27.Nh4 Ne7 28.Qh5 Bxa3 29.Nxf5 Nxf5 30.Bxf5 Be7 31.Bc2 Qd6 32.Bb4
Qe6 33.Bxe7 Qe1+ 34.Kg2 Qxe7 35.Qxd5+ Kh8 36.Qf3 Qd6 37.d5 b5 38.h4 a5 39.Qe4 Kg8
40.h5 a4 41.Qh7+ Kf7 42.Bg6+ Kf6 43.Be4 Qe5 44.Qg6+ Ke7 45.d6+ Kf8 46.g4 Qxb2 47.Bf5
Bc6+ 48.Be4 Bd7 49.Qh7 Qb3 50.Bf3 1/2-1/2

[Event "1. Bundesliga 2016/2017"]
[Site "Jenbach"]
[Date "2017.04.21"]
[Round "10"]
[Board "1"]
[White "Nisipeanu, Liviu-Dieter"]
[Black "Repka, Christopher"]
[Result "1-0"]
[WhiteElo "2684"]
[BlackElo "2461"]
[PlyCount "109"]
[EventDate "2016.10.20"]
[EventType "team"]
[EventRounds "11"]
[EventCountry "AUT"]
[WhiteTeam "Schachklub Sparkasse Jenbach"]
[BlackTeam "Bregenz"]

1.d4 Nf6 2.c4 e6 3.g3 Bb4+ 4.Nd2 c5 5.dxc5 Bxc5 6.Bg2 Nc6 7.Ngf3 e5 8.O-O O-O 9.Ng5
d6 10.Nde4 Nxe4 11.Nxe4 Be6 12.b3 a5 13.Bb2 Bd4 14.Bxd4 exd4 15.Qd2 h6 16.e3 f5 17.exd4
fxe4 18.d5 Bf5 19.dxc6 bxc6 20.Qd4 d5 21.Rad1 Be6 22.cxd5 cxd5 23.f3 exf3 24.Rxf3
Rxf3 25.Bxf3 Rc8 26.Re1 Bf7 27.Bg4 Rc6 28.Bf5 g6 29.Bd3 Qb6 30.Qxb6 Rxb6 31.Re7 Rb4
32.Bc2 Kf8 33.Re2 d4 34.Rd2 g5 35.Kf1 Kg7 36.Ke1 Kf6 37.Rf2+ Ke7 38.Kd2 Be6 39.Kd3
Bc8 40.a3 Ba6+ 41.Ke4 Bb7+ 42.Ke5 Rb5+ 43.Kxd4 Rd5+ 44.Kc4 Ke6 45.Be4 Ba6+ 46.Kc3
Rd1 47.Bf5+ Ke7 48.Bc2 Rh1 49.Be4 Re1 50.Kd4 Bc8 51.Bd5 Ra1 52.a4 Rd1+ 53.Kc5 Be6
54.Bxe6 Kxe6 55.Kb6 1-0

[Event "1. Bundesliga 2016/2017"]
[Site "Jenbach"]
[Date "2017.04.21"]
[Round "10"]
[Board "2"]
[White "Henrichs, Thomas"]
[Black "Volokitin, Andrei"]
[Result "0-1"]
[WhiteElo "2505"]
[BlackElo "2652"]
[PlyCount "84"]
[EventDate "2016.10.20"]
[EventType "team"]
[EventRounds "11"]
[EventCountry "AUT"]
[WhiteTeam "Bregenz"]
[BlackTeam "Schachklub Sparkasse Jenbach"]

1.d4 Nf6 2.c4 e6 3.Nc3 Bb4 4.Qc2 d5 5.cxd5 exd5 6.Bg5 c5 7.dxc5 h6 8.Bh4 O-O 9.e3
Be6 10.Nf3 Nbd7 11.a3 Bxc3+ 12.Qxc3 g5 13.Bg3 Ne4 14.Qc2 Rc8 15.Bd3 Ndxc5 16.Nd4 h5
17.f3 Nxg3 18.hxg3 Ne4 19.Bxe4 Rxc2 20.Bxc2 h4 21.O-O-O Qf6 22.gxh4 gxh4 23.g3 hxg3
24.Rdg1 Qe5 25.Kd2 Rc8 26.Bd3 Kf8 27.f4 Qg7 28.Rh7 Qg8 29.Rh5 Ke7 30.Rg5 Qd8 31.f5
Qa5+ 32.Ke2 Qb6 33.b4 Bd7 34.R1xg3 Rc3 35.Rg7 Rxa3 36.R3g4 Qh6 37.Kd2 Ra2+ 38.Bc2
Ba4 39.R4g6 Qh2+ 40.Rg2 Qc7 41.f6+ Kd6 42.Nf5+ Ke5 0-1

[Event "1. Bundesliga 2016/2017"]
[Site "Jenbach"]
[Date "2017.04.21"]
[Round "10"]
[Board "3"]
[White "Shengelia, David"]
[Black "Nayhebaver, Martin"]
[Result "1/2-1/2"]
[WhiteElo "2570"]
[BlackElo "2442"]
[PlyCount "68"]
[EventDate "2016.10.20"]
[EventType "team"]
[EventRounds "11"]
[EventCountry "AUT"]
[WhiteTeam "Schachklub Sparkasse Jenbach"]
[BlackTeam "Bregenz"]

1.g3 Nf6 2.Bg2 d5 3.c4 c6 4.Nf3 Bg4 5.O-O e6 6.d3 Nbd7 7.cxd5 exd5 8.h3 Bxf3 9.Bxf3
Bc5 10.Nc3 O-O 11.e4 Ne5 12.Be2 dxe4 13.dxe4 Bd4 14.Qc2 Qe7 15.Kg2 Ned7 16.f3 Nc5
17.Bd2 Rad8 18.Rae1 Rfe8 19.a3 Be5 20.Be3 Ne6 21.f4 Bd4 22.Bc1 Qc5 23.Bd3 h6 24.e5
Bxc3 25.bxc3 Qd5+ 26.Rf3 Nc5 27.Bf5 Qc4 28.Rd1 Nfe4 29.Rxd8 Rxd8 30.Re3 Nd2 31.Bxd2
Qd5+ 32.Kf2 Qxd2+ 33.Qxd2 Rxd2+ 34.Re2 Rd1 1/2-1/2

[Event "1. Bundesliga 2016/2017"]
[Site "Jenbach"]
[Date "2017.04.21"]
[Round "10"]
[Board "4"]
[White "Weindl, Alfred"]
[Black "Boensch, Uwe"]
[Result "0-1"]
[WhiteElo "2328"]
[BlackElo "2558"]
[PlyCount "52"]
[EventDate "2016.10.20"]
[EventType "team"]
[EventRounds "11"]
[EventCountry "AUT"]
[WhiteTeam "Bregenz"]
[BlackTeam "Schachklub Sparkasse Jenbach"]

1.Nf3 d5 2.g3 Bg4 3.Bg2 Nd7 4.c4 e6 5.cxd5 exd5 6.O-O Ngf6 7.d3 Bc5 8.Qb3 Qc8 9.Nc3
c6 10.Bf4 O-O 11.Rac1 Re8 12.d4 Bf8 13.h3 Bxf3 14.Bxf3 Nb6 15.Kg2 Qe6 16.Rfd1 Bd6
17.Bg5 Rab8 18.Bxf6 Qxf6 19.e4 dxe4 20.Nxe4 Qg6 21.Nc5 Re7 22.a4 Rbe8 23.a5 Nd5 24.Bxd5
cxd5 25.Qxd5 Bxg3 26.fxg3 Re2+ 0-1

[Event "1. Bundesliga 2016/2017"]
[Site "Jenbach"]
[Date "2017.04.21"]
[Round "10"]
[Board "5"]
[White "Schlosser, Philipp"]
[Black "Dobosz, Henryk"]
[Result "1-0"]
[WhiteElo "2523"]
[BlackElo "2379"]
[PlyCount "91"]
[EventDate "2016.10.20"]
[EventType "team"]
[EventRounds "11"]
[EventCountry "AUT"]
[WhiteTeam "Schachklub Sparkasse Jenbach"]
[BlackTeam "Bregenz"]

1.Nf3 d5 2.g3 c6 3.Bg2 Bg4 4.O-O Nd7 5.c4 e6 6.cxd5 exd5 7.d3 Ngf6 8.h3 Bxf3 9.Bxf3
Bc5 10.Bg2 O-O 11.e3 a5 12.Nd2 Re8 13.Nf3 a4 14.Bd2 Qb6 15.Rb1 Bb4 16.Bc3 Qa5 17.Qd2
Bxc3 18.bxc3 Nc5 19.Rfc1 Qc7 20.c4 Qe7 21.Nd4 Rad8 22.cxd5 Nxd5 23.Nf5 Qf8 24.d4 Ne4
25.Qc2 Nb4 26.Rxb4 Qxb4 27.Bxe4 g6 28.Rb1 Qf8 29.Nh4 Qe7 30.Bg2 Ra8 31.Nf3 Ra5 32.Ne5
Rea8 33.h4 Rb5 34.Rc1 Kg7 35.Bf1 Rba5 36.Rb1 R5a7 37.Rb6 Qc7 38.Rb4 a3 39.Qc3 Ra4
40.Rb3 f6 41.Nd3 Qe7 42.Nc5 R4a7 43.Rb6 Rc8 44.Qb3 Rb8 45.Bg2 Qd6 46.Bxc6 1-0